Multi-step segmentation of images by means of a recurrent neural network; The 7th International Forum on Strategic Technology (IFOST-2012), September 18-21, 2012, Tomsk

Detalles Bibliográficos
Parent link:The 7th International Forum on Strategic Technology (IFOST-2012), September 18-21, 2012, Tomsk.— 2012.— [4 p.]
Autor Principal: Nemirovskiy V. B. Viktor Borisovich
Autor Corporativo: Национальный исследовательский Томский политехнический университет (ТПУ) Институт кибернетики (ИК) Кафедра информатики и проектирования систем (ИПС)
Outros autores: Stoyanov A. K. Aleksandr Kirillovich
Summary:Title screen
The application of recurrent neural network for image segmentation is considered. The described method allows to perform clustering of the image parameters without the a priori information about the clusters number. Calculation of network parameters for segmentation is discussed. The experiments results of multi-step segmentation are given.
[References: 6 tit.]
Режим доступа: по договору с организацией-держателем ресурса
Idioma:inglés
Publicado: 2012
Subjects:
Acceso en liña:http://dx.doi.org/10.1109/IFOST.2012.6357619
Formato: MixedMaterials Electrónico Capítulo de libro
KOHA link:https://koha.lib.tpu.ru/cgi-bin/koha/opac-detail.pl?biblionumber=645351

MARC

LEADER 00000nla2a2200000 4500
001 645351
005 20231101134348.0
035 |a (RuTPU)RU\TPU\network\10435 
090 |a 645351 
100 |a 20151216d2012 k y0engy50 ba 
101 0 |a eng 
105 |a y z 100zy 
135 |a arnn ---uucaa 
181 0 |a i  
182 0 |a b 
200 1 |a Multi-step segmentation of images by means of a recurrent neural network  |f V. B. Nemirovskiy, A. K. Stoyanov 
203 |a Text  |c electronic 
300 |a Title screen 
330 |a The application of recurrent neural network for image segmentation is considered. The described method allows to perform clustering of the image parameters without the a priori information about the clusters number. Calculation of network parameters for segmentation is discussed. The experiments results of multi-step segmentation are given. 
330 |a [References: 6 tit.] 
333 |a Режим доступа: по договору с организацией-держателем ресурса 
463 0 |0 (RuTPU)RU\TPU\network\10411  |t The 7th International Forum on Strategic Technology (IFOST-2012), September 18-21, 2012, Tomsk  |o [proceedings]  |f National Research Tomsk Polytechnic University (TPU)  |v [4 p.]  |d 2012 
610 1 |a труды учёных ТПУ 
610 1 |a электронный ресурс 
610 1 |a критические точки 
610 1 |a изображения 
610 1 |a пиксели 
700 1 |a Nemirovskiy  |b V. B.  |c specialist in the field of informatics and computer engineering  |c associate professor of Tomsk Polytechnic University, candidate of physico-mathematical sciences  |f 1945-  |g Viktor Borisovich  |2 stltpush  |3 (RuTPU)RU\TPU\pers\33683 
701 1 |a Stoyanov  |b A. K.  |c specialist in the field of Informatics and computer engineering  |c Associate Professor of Tomsk Polytechnic University, candidate of technical sciences  |f 1946-  |g Aleksandr Kirillovich  |2 stltpush  |3 (RuTPU)RU\TPU\pers\33684 
712 0 2 |a Национальный исследовательский Томский политехнический университет (ТПУ)  |b Институт кибернетики (ИК)  |b Кафедра информатики и проектирования систем (ИПС)  |h 124  |2 stltpush  |3 (RuTPU)RU\TPU\col\18697 
801 1 |a RU  |b 63413507  |c 20130131 
801 2 |a RU  |b 63413507  |c 20151216  |g RCR 
856 4 0 |u http://dx.doi.org/10.1109/IFOST.2012.6357619 
942 |c CF